[Event "Polofinale MCR junioru 2024"]
[Site "Hotel Fit Fun, Ryžovište 427, 512 46 Harrachov v Krkonoších"]
[Date "2024.11.13"]
[Round "6"]
[Board "6"]
[White "Mach, Petr"]
[Black "Winter, Ondrej"]
[Result "1-0"]
[WhiteElo "2080"]
[BlackElo "2230"]
[PlyCount "0"]
[EventDate "2024.11.09"]
[EventRounds "9"]
[EventCountry "CZE"]

1. e4 c5 2. d4 cxd4 3. Nf3 Nc6 4. c3 dxc3 5. Nxc3 e6 6. Bc4 Be7 7. O-O d6 8. Qe2
Nf6 9. Rd1 e5 10. Bb5 O-O 11. Bxc6 bxc6 12. Nxe5 Qc7 13. Nf3 Re8 14. e5 dxe5 15.
Qxe5 Qb6 16. h3 Ba6 17. Be3 Qxb2 18. Rab1 Qc2 19. Qa5 Bc8 20. Ne5 Qf5 21. Qc7 Qe6
22. Nxc6 Bd7 23. Nxe7+ Qxe7 24. Bg5 Be6 25. Qxe7 Rxe7 26. Bxf6 gxf6 27. Nd5 Bxd5
28. Rxd5 Rc8 29. Rb2 Rc6 30. g3 Ra6 31. Kg2 Kg7 32. Rd3 Ra4 33. a3 Kg6 34. Rbb3 Kg7
35. Rd6 Ra5 36. Rc3 Rb7 37. h4 Re7 38. Rd4 Ra6 39. a4 h6 40. Rc5 Kh7 41. Rc8 Rae6
42. Ra8 Kg6 43. Rg8+ Kf5 44. Rf4+ Ke5 45. Rc8 f5 46. Rc5+ Kf6 47. Rfxf5+ Kg7 48.
Ra5 Rb7 49. Rf4 Rg6 50. Rc5 Rd7 51. Rc8 Re7 52. Rf5 Ra6 53. a5 Rae6 54. Rcc5 Kg6
55. h5+ Kg7 56. Rcd5 Re4 57. Rd6 R4e6 58. Rfd5 Kf6 59. Rd8 Kg7 60. Ra8 Rf6 61. Rdd8
Rf5 62. g4 Rf4 63. Kg3 Ree4 64. Rg8+ Kf6 65. Rxa7 Ra4 66. Ra6+ Ke5 67. f3 Rf6 68.
Re8+ Re6 69. Raxe6+ fxe6 70. Rh8 Rxa5 71. Rxh6 Ra3 72. Rg6 Rb3 73. h6 Rb1 74. Kh4
 1-0

[Event "Polofinale MCR junioru 2024"]
[Site "Hotel Fit Fun, Ryžovište 427, 512 46 Harrachov v Krkonoších"]
[Date "2024.11.13"]
[Round "6"]
[Board "7"]
[White "Janouš, Marek"]
[Black "Pecka, Jan"]
[Result "1/2-1/2"]
[WhiteElo "2177"]
[BlackElo "2059"]
[PlyCount "0"]
[EventDate "2024.11.09"]
[EventRounds "9"]
[EventCountry "CZE"]

1. e4 e5 2. Nf3 Nc6 3. Nc3 Nf6 4. Bb5 Bb4 5. O-O O-O 6. Bxc6 bxc6 7. Nxe5 Re8 8.
Nd3 Bxc3 9. dxc3 Nxe4 10. Re1 h6 11. Bxh6 gxh6 12. Qg4+ Ng5 13. Rxe8+ Qxe8 14. h4
d6 15. Qg3 Qd8 16. f4 Bf5 17. fxg5 Bxd3 18. gxh6+ Bg6 19. h5 Kh7 20. hxg6+ fxg6 21.
Rf1 Qe7 22. Qf4 Re8 23. Rf3 Qe1+ 24. Kh2 Re7 25. Qf6 Qe2 26. Qg5 Rd7 27. Re3 Qxc2
28. Re7+ Rxe7 29. Qxe7+ Kxh6 30. Qh4+ Kg7 31. Qe7+ Kh6 32. Qh4+  1/2-1/2

[Event "Polofinale MCR junioru 2024"]
[Site "Hotel Fit Fun, Ryžovište 427, 512 46 Harrachov v Krkonoších"]
[Date "2024.11.13"]
[Round "6"]
[Board "8"]
[White "Vilímek, Vít"]
[Black "Zezula, Jakub"]
[Result "1-0"]
[WhiteElo "2076"]
[BlackElo "2163"]
[PlyCount "0"]
[EventDate "2024.11.09"]
[EventRounds "9"]
[EventCountry "CZE"]

1. e4 e5 2. Bc4 Nf6 3. d4 exd4 4. Nf3 Bb4+ 5. c3 dxc3 6. O-O d5 7. Qa4+ Bd7 8. Qxb4
dxc4 9. Nxc3 Nc6 10. Qxb7 O-O 11. Qa6 h6 12. Qxc4 Rb8 13. Rd1 Qe7 14. Nd5 Nxd5 15.
exd5 Ne5 16. Nxe5 Qxe5 17. Qc3 Qxc3 18. bxc3 c6 19. d6 Rfe8 20. Be3 a6 21. Rab1 f6
22. h3 Kf7 23. a4 Bf5 24. Rb6 Rxb6 25. Bxb6 Bd7 26. a5 Re5 27. c4 Re4 28. Bc7 Rxc4
29. Re1 Be6 30. Rb1 Ra4 31. Rb7 Bd7 32. Kf1 c5 33. Ke2 Ke6 34. Rb3 Bc6 35. Rc3 Re4+
36. Kd2 c4 37. Rg3 g5 38. Kc3 f5 39. Kb4 Kd7 40. Rc3 Bb5 41. Kc5 Re2 42. Rf3 f4 43.
g3 Bc6 44. Rc3 Rxf2 45. gxf4 Rxf4 46. Kb6 Bb5 47. Re3 Rf7 48. Kc5 Rg7 49. Kd5 g4
50. hxg4 Rg5+ 51. Ke4 Rxg4+ 52. Kf5 Rd4 53. Re7+ Kc8 54. Ke5 Rd1 55. Rg7 c3 56. Bb6
Rd3 57. Rc7+ Kb8 58. Ba7+ Ka8 59. Bd4 Kb8 60. Bxc3 h5 61. Bd4 h4 62. Rh7 Kc8 63.
Rxh4 Rd2 64. Rh8+ Kd7 65. Rh7+ Ke8 66. Re7+ Kd8 67. Bb6+ Kc8 68. Rc7+ Kb8 69. Ba7+
Ka8 70. Be3 Rd1 71. Bf4 Rd3 72. Ke4 Rd1 73. Be5 Kb8 74. Rc1 Rd2 75. d7+ Kb7 76. Rc7+
Ka8 77. Rc8+ Kb7 78. d8=Q Rxd8 79. Rxd8 Ka7 80. Kd4 Kb7 81. Kc5 Ba4 82. Rg8  1-0

[Event "Polofinale MCR junioru 2024"]
[Site "Hotel Fit Fun, Ryžovište 427, 512 46 Harrachov v Krkonoších"]
[Date "2024.11.13"]
[Round "6"]
[Board "9"]
[White "Cerný, Michal"]
[Black "Bohácek, Jan Andrej"]
[Result "0-1"]
[WhiteElo "2052"]
[BlackElo "2118"]
[PlyCount "0"]
[EventDate "2024.11.09"]
[EventRounds "9"]
[EventCountry "CZE"]

1. e4 c6 2. d4 d5 3. Nd2 dxe4 4. Nxe4 Nf6 5. Qd3 Nxe4 6. Qxe4 Qd5 7. Bd3 Qxe4+ 8.
Bxe4 Be6 9. Nf3 Nd7 10. O-O Bd5 11. Nd2 Nf6 12. Bd3 g6 13. b3 Bg7 14. Ba3 Be6 15.
c3 Nd5 16. Bb2 O-O 17. Rfe1 Rfe8 18. Ne4 b6 19. Rad1 a5 20. Ng5 Bg4 21. Be2 Bd7 22.
a3 Bf5 23. Bd3 a4 24. c4 Nc7 25. Bxf5 gxf5 26. b4 c5 27. Nf3 cxb4 28. axb4 b5 29.
Ne5 bxc4 30. Rc1 a3 31. Ba1 Nd5 32. Rxc4 Rec8 33. Nc6 e6 34. b5 Rc7 35. Rb1 Rb7 36.
g3 Bf8 37. Kf1 Rc8 38. Ke2 Rb6 39. Kd3 Rc7 40. Kc2 Nb4+ 41. Kc1 Rxb5 42. Na5 Ra7
43. Nc6 Nd3+ 44. Kc2 Rxb1 45. Kxb1 Rb7+ 46. Ka2 Nxf2 47. Ne5 Ne4 48. Rc8 Nf6 49.
Nc4 Ra7 50. d5 Nxd5 51. Bd4 Nb4+ 52. Kb3 a2 53. Ba1 Nd5 54. Nd2 f6 55. Nf3 Ra3+  0-1

[Event "Polofinale MCR junioru 2024"]
[Site "Hotel Fit Fun, Ryžovište 427, 512 46 Harrachov v Krkonoších"]
[Date "2024.11.13"]
[Round "6"]
[Board "10"]
[White "Verner, Matej"]
[Black "Paseka, Matyáš"]
[Result "0-1"]
[WhiteElo "2021"]
[BlackElo "2254"]
[PlyCount "0"]
[EventDate "2024.11.09"]
[EventRounds "9"]
[EventCountry "CZE"]

1. e4 c5 2. Nf3 d6 3. c3 Nf6 4. Be2 Nbd7 5. d3 b6 6. O-O Bb7 7. Nbd2 Qc7 8. d4 cxd4
9. cxd4 Nxe4 10. Nxe4 Bxe4 11. d5 Qb7 12. Bc4 b5 13. Ng5 Bxg2 14. Kxg2 bxc4 15. Re1
e5 16. b3 cxb3 17. Rb1 Nb6 18. Rxb3 Qxd5+ 19. Qxd5 Nxd5 20. f4 f6 21. Ne6 Kf7 22.
f5 Be7 23. Rb7 Rhb8 24. Rd7  0-1

[Event "Polofinale MCR junioru 2024"]
[Site "Hotel Fit Fun, Ryžovište 427, 512 46 Harrachov v Krkonoších"]
[Date "2024.11.13"]
[Round "6"]
[Board "11"]
[White "Steinbauer, Sebastián"]
[Black "Skýpala, Ondrej"]
[Result "0-1"]
[WhiteElo "1951"]
[BlackElo "2232"]
[PlyCount "0"]
[EventDate "2024.11.09"]
[EventRounds "9"]
[EventCountry "CZE"]

1. e4 e6 2. d4 d5 3. exd5 exd5 4. Bd3 Bd6 5. Nf3 Ne7 6. Nc3 O-O 7. h3 c6 8. O-O Bf5
9. Ne2 Qc7 10. c3 Nd7 11. Bg5 Bxd3 12. Qxd3 Ng6 13. Nh4 Nxh4 14. Bxh4 Rae8 15. Bg3
Re6 16. Rfe1 Rfe8 17. Qd2 Nf6 18. Bxd6 Qxd6 19. Ng3 Ne4 20. Nxe4 dxe4 21. Rad1 Rd8
22. Re3 f5 23. f3 exf3 24. Rxf3 Qe7 25. Qd3 g6 26. Rdf1 Kg7 27. R1f2 Re8 28. Rf1
Qd6 29. R1f2 R8e7 30. Rf1 Re4 31. g3 Qd5 32. a3 Qb3 33. Qb1 a5 34. R3f2 a4 35. Qd1
Qb5 36. Qc1 Re3 37. Kh2 Re2 38. Rg2 R7e3 39. Rff2 Re1 40. Qc2 Qc4 41. Qd2 Qe6 42.
Qc2 Qa2 43. Rg1 Rxg1 44. Kxg1 Rxg3+ 45. Kh2 Re3 46. Qxa4 Qe6 47. Qb4 f4 48. Qxb7+
Kh6 49. Kg1 Qxh3 50. Rh2 Re1+ 51. Kf2 Rf1+ 52. Ke2 f3+  0-1

[Event "Polofinale MCR junioru 2024"]
[Site "Hotel Fit Fun, Ryžovište 427, 512 46 Harrachov v Krkonoších"]
[Date "2024.11.13"]
[Round "6"]
[Board "12"]
[White "Mametev, Artem"]
[Black "Vyšínský, Otakar"]
[Result "1-0"]
[WhiteElo "2213"]
[BlackElo "1994"]
[PlyCount "0"]
[EventDate "2024.11.09"]
[EventRounds "9"]
[EventCountry "CZE"]

1. e4 c5 2. Nf3 Nc6 3. Nc3 Nf6 4. d4 cxd4 5. Nxd4 e5 6. Ndb5 d6 7. Bg5 a6 8. Na3
b5 9. Bxf6 gxf6 10. Nd5 f5 11. c3 fxe4 12. Bxb5 axb5 13. Nxb5 Be6 14. Nbc7+ Kd7 15.
Nxa8 Bxd5 16. Qxd5 Qxa8 17. Qxe4 Qa6 18. b4 Ne7 19. a4 f5 20. Qe2 Qc6 21. O-O Rg8
22. f4 Bg7 23. Rad1 exf4 24. c4 Bc3 25. c5 d5 26. Qc4 d4 27. Rf2 Qxa4 28. Rb1 Qc6
29. Re2 Kd8 30. Qf7 Rxg2+ 31. Rxg2 Qe4 32. Rf1 d3 33. Qh5 Bd4+ 34. Kh1 d2 35. Qd1
Be3 36. b5 Ng6 37. Qh5 f3 38. Rxd2+ Bxd2 39. Qxf3 Ne5 40. Qg2 Nc4 41. Ra1 Be3 42.
b6 Nxb6 43. cxb6 Bxb6 44. Qxe4 fxe4 45. Ra6 Kc7 46. Kg2 Kc6 47. Ra3 e3 48. Kf3 Kd5
49. Ra6 Kc5 50. Ra4 Bd8 51. Kxe3 h6 52. Rd4 Bf6 53. Rd1 Kc4 54. Ke4 Bg5 55. Kf5 Kc5
56. Kg4 Kc6 57. h4 Be7 58. Kh5 Bf6 59. Rh1 Bg7 60. Kg6 Bf8 61. Rf1 Be7 62. Rf4  1-0

[Event "Polofinale MCR junioru 2024"]
[Site "Hotel Fit Fun, Ryžovište 427, 512 46 Harrachov v Krkonoších"]
[Date "2024.11.13"]
[Round "6"]
[Board "13"]
[White "Václavík, Jan"]
[Black "Šprinar, Michal"]
[Result "1-0"]
[WhiteElo "2139"]
[BlackElo "1980"]
[PlyCount "0"]
[EventDate "2024.11.09"]
[EventRounds "9"]
[EventCountry "CZE"]

1. Nf3 f5 2. g3 Nf6 3. Bg2 g6 4. O-O Bg7 5. c4 O-O 6. Nc3 d6 7. d3 e5 8. Rb1 a5 9.
a3 Nc6 10. b4 axb4 11. axb4 Qe7 12. Bg5 Be6 13. b5 Nd8 14. Ne1 h6 15. Nd5 Bxd5 16.
Bxf6 Qxf6 17. Bxd5+ Kh7 18. Bg2 c6 19. bxc6 bxc6 20. Rb6 Rc8 21. Qa4 e4 22. dxe4
fxe4 23. Bh3 Rc7 24. Nc2 Qg5 25. Qb4 c5 26. Qe1 Nc6 27. Bg2 Qe7 28. Ne3 Nb4 29. Qb1
Bd4 30. Bxe4 Bxe3 31. fxe3 Rxf1+ 32. Kxf1 Qf6+ 33. Kg2 Rf7 34. Bf3 Re7 35. Qd1 Qf7
36. Qxd6 Nc2 37. Qxc5 Nxe3+ 38. Kg1 Nxc4 39. Rb8 Ne5 40. Bd5 Qf6 41. Qc8 h5 42. Qg8+
Kh6 43. Qh8+ Qxh8 44. Rxh8+ Kg5 45. Kg2 Ng4 46. Bf3 Ne3+ 47. Kf2 Ng4+ 48. Kg2 Ne3+
49. Kg1 Nf5 50. Rd8 h4 51. g4 Ne3 52. h3 Rc7 53. Kf2 Rc3 54. Re8 Nc4 55. Rc8 Rc2
56. Be4 Rc3 57. Bd3  1-0

[Event "Polofinale MCR junioru 2024"]
[Site "Hotel Fit Fun, Ryžovište 427, 512 46 Harrachov v Krkonoších"]
[Date "2024.11.13"]
[Round "6"]
[Board "14"]
[White "Honcharov, Makar"]
[Black "Šetina, Václav"]
[Result "0-1"]
[WhiteElo "1929"]
[BlackElo "2128"]
[PlyCount "0"]
[EventDate "2024.11.09"]
[EventRounds "9"]
[EventCountry "CZE"]

1. e4 c5 2. Nf3 Nc6 3. d4 cxd4 4. Nxd4 g6 5. Nc3 Bg7 6. Be3 Nf6 7. Nxc6 bxc6 8. e5
Ng8 9. f4 d6 10. Bc4 Nh6 11. Qf3 d5 12. Be2 Bg4 13. Qf2 Bxe2 14. Qxe2 Qa5 15. a3
Rb8 16. b4 Rxb4 17. axb4 Qxa1+ 18. Nd1 O-O 19. Bc5 a5 20. Bxe7 Re8 21. Bd6 Nf5 22.
Bc7 axb4 23. Qf2 d4 24. O-O Qa7 25. Bd6 Nxd6 26. exd6 Qd7 27. f5 Qxf5 28. Qxf5 gxf5
29. Rxf5 d3 30. cxd3 Re1+ 31. Rf1 Bd4+ 32. Nf2 Bxf2+ 33. Kxf2 Rxf1+ 34. Kxf1 Kf8
35. Ke2 c5  0-1

[Event "Polofinale MCR junioru 2024"]
[Site "Hotel Fit Fun, Ryžovište 427, 512 46 Harrachov v Krkonoších"]
[Date "2024.11.13"]
[Round "6"]
[Board "15"]
[White "Vlcek, Vojtech"]
[Black "Tesar, Jakub"]
[Result "1/2-1/2"]
[WhiteElo "1845"]
[BlackElo "2097"]
[PlyCount "0"]
[EventDate "2024.11.09"]
[EventRounds "9"]
[EventCountry "CZE"]

1. d4 Nf6 2. c4 e6 3. Nf3 b6 4. g3 Ba6 5. Qc2 c5 6. Bg2 Nc6 7. O-O cxd4 8. Rd1 Rc8
9. Qa4 Bb7 10. Nxd4 Nxd4 11. Bxb7 Nxe2+ 12. Kf1 Rb8 13. Bf3 Nxc1 14. Rxc1 a5 15.
Nc3 Bc5 16. a3 O-O 17. Nb5 d5 18. Rd1 Nd7 19. b4 axb4 20. axb4 Qf6 21. bxc5 Qxf3
22. c6 Qh1+ 23. Ke2 Qe4+ 24. Kf1 Qh1+  1/2-1/2

[Event "Polofinale MCR junioru 2024"]
[Site "Hotel Fit Fun, Ryžovište 427, 512 46 Harrachov v Krkonoších"]
[Date "2024.11.13"]
[Round "6"]
[Board "17"]
[White "Síleš, Jan"]
[Black "Švadlenka, Dominik"]
[Result "1-0"]
[WhiteElo "2062"]
[BlackElo "1893"]
[PlyCount "0"]
[EventDate "2024.11.09"]
[EventRounds "9"]
[EventCountry "CZE"]

1. e4 c6 2. Nc3 d5 3. Nf3 Bg4 4. Be2 e6 5. d4 Nd7 6. O-O Bb4 7. Ng5 Bxe2 8. Qxe2
dxe4 9. Ncxe4 h6 10. Qh5 g6 11. Qh3 Ngf6 12. Bf4 Nxe4 13. Nxe4 Nf6 14. Nxf6+ Qxf6
15. Be5 Qe7 16. Bxh8 f6 17. c3 Bd6 18. Qh4 Kf7 19. Qxh6 Kg8 20. Rfe1 Rf8 21. Rxe6
 1-0

[Event "Polofinale MCR junioru 2024"]
[Site "Hotel Fit Fun, Ryžovište 427, 512 46 Harrachov v Krkonoších"]
[Date "2024.11.13"]
[Round "6"]
[Board "18"]
[White "Kubiczek, Michal"]
[Black "Martinkovic, Adam"]
[Result "1/2-1/2"]
[WhiteElo "2093"]
[BlackElo "1859"]
[PlyCount "0"]
[EventDate "2024.11.09"]
[EventRounds "9"]
[EventCountry "CZE"]

1. d4 d5 2. c4 c6 3. Nf3 Nf6 4. g3 dxc4 5. Bg2 b5 6. Ne5 Bb7 7. a4 a6 8. O-O e6 9.
b3 cxb3 10. Bb2 Nbd7 11. Bxc6 Bxc6 12. Nxc6 Qb6 13. axb5 Qxb5 14. Na5 Bb4 15. Nxb3
O-O 16. Nc3 Bxc3 17. Bxc3 Nd5 18. Bd2 Rfb8 19. Na5 N7f6 20. e3 Qd3 21. Nc6 Rb2 22.
Ba5 Qb5 23. Ne5 Rc8 24. Nd3 Rb3 25. Nc5 Rb2 26. Bd2 Nd7 27. Ra5 Qc6 28. Rxa6 Qb5
29. Ra5 Qc6 30. e4 N5f6 31. Bc3 Rb5 32. Nxd7 Qxd7 33. Rxb5 Qxb5 34. Qf3 Qc6 35. Bb2
 1/2-1/2

[Event "Polofinale MCR junioru 2024"]
[Site "Hotel Fit Fun, Ryžovište 427, 512 46 Harrachov v Krkonoších"]
[Date "2024.11.13"]
[Round "6"]
[Board "19"]
[White "Jirásko, Miroslav"]
[Black "Garabik, Marek"]
[Result "1-0"]
[WhiteElo "2215"]
[BlackElo "1939"]
[PlyCount "0"]
[EventDate "2024.11.09"]
[EventRounds "9"]
[EventCountry "CZE"]

1. Nf3 e6 2. g3 d5 3. Bg2 Nf6 4. O-O Be7 5. c4 O-O 6. b3 b6 7. cxd5 exd5 8. d4 Bb7
9. Nc3 Nbd7 10. Bb2 Ne4 11. Rc1 f5 12. e3 Rc8 13. Ne2 Ndf6 14. Ne5 Qd6 15. Rc2 Nd7
16. Nf4 Nxe5 17. dxe5 Qd7 18. f3 Nc5 19. Rd2 c6 20. e4 Ba6 21. Re1 g5 22. Nh5 Qe8
23. exd5 Nd3 24. Rxd3 Bxd3 25. d6 Bd8 26. Nf6+ Bxf6 27. exf6 Bc2 28. Qd2 h5 29. Qxg5+
Kh7 30. Qg7#  1-0

[Event "Polofinale MCR junioru 2024"]
[Site "Hotel Fit Fun, Ryžovište 427, 512 46 Harrachov v Krkonoších"]
[Date "2024.11.13"]
[Round "6"]
[Board "20"]
[White "Nagyová, Daniela"]
[Black "Lihotský, Lukáš"]
[Result "1/2-1/2"]
[WhiteElo "1903"]
[BlackElo "2076"]
[PlyCount "0"]
[EventDate "2024.11.09"]
[EventRounds "9"]
[EventCountry "CZE"]

1. e4 c6 2. d4 d5 3. e5 Bf5 4. c4 e6 5. Nc3 Ne7 6. a3 Nd7 7. cxd5 Nxd5 8. Nxd5 cxd5
9. Bd3 Bxd3 10. Qxd3 Be7 11. Qg3 g6 12. Ne2 Qa5+ 13. Nc3 Qb6 14. Qd3 Rc8 15. Rb1
Qb3 16. O-O Nb6 17. Bd2 O-O 18. Bh6 Rfe8 19. Rfc1 a6 20. Qd1 Qxd1+ 21. Nxd1 Nc4 22.
Ne3 Nxe3 23. Bxe3 f6 24. f4 f5 25. Rxc8 Rxc8 26. Rc1 Rxc1+ 27. Bxc1 h6 28. g3 g5
29. Kf2 Kf7 30. Ke2 Kg6 31. Kf3 Kh5 32. Bd2 Bd8 33. fxg5 hxg5 34. h3 g4+ 35. hxg4+
fxg4+ 36. Ke2 Kg6 37. Kd3 Kf5 38. b3 Be7 39. b4 b5 40. Bc1 Bd8 41. Bd2 Bc7 42. Bc3
Bb6 43. Be1 Bd8 44. Bd2 Be7 45. Bc1 Bd8  1/2-1/2

[Event "Polofinale MCR junioru 2024"]
[Site "Hotel Fit Fun, Ryžovište 427, 512 46 Harrachov v Krkonoších"]
[Date "2024.11.13"]
[Round "6"]
[Board "21"]
[White "Slabý, Matej"]
[Black "Buchta, Bartolomej"]
[Result "1-0"]
[WhiteElo "2071"]
[BlackElo "1906"]
[PlyCount "0"]
[EventDate "2024.11.09"]
[EventRounds "9"]
[EventCountry "CZE"]

1. d4 Nf6 2. c4 e6 3. Nc3 Bb4 4. Qc2 b6 5. a3 Bxc3+ 6. Qxc3 Bb7 7. Bg5 h6 8. Bh4
g5 9. Bg3 Ne4 10. Qd3 f5 11. Be5 Rh7 12. d5 d6 13. Bd4 c5 14. Be3 exd5 15. cxd5 Qf6
16. Qb5+ Rd7 17. f3 Ba6 18. Qb3 c4 19. Qc2 Nc5 20. Rd1 Nb3 21. g3 Re7 22. Bf2 h5
23. e3 b5 24. Ne2 Nd7 25. Qc3 Ne5 26. Bg2 Qh6 27. Nd4 Nxd4 28. Rxd4 Bb7 29. O-O Nd3
30. f4 gxf4 31. exf4 Kf7 32. Rxd3 cxd3 33. Qxd3 Kg6 34. Bd4 a6 35. Bc3 Qf8 36. h3
Rae8 37. Kh2 Re2 38. Rf3 Qf7 39. g4 hxg4 40. hxg4 Rxg2+ 41. Kxg2 Bxd5 42. Kf2 Bxf3
43. Kxf3 Rd8 44. Kf2 Qe6 45. b3 Qe4 46. Qxe4 fxe4 47. Ke3 d5 48. Kd4 Kf6 49. Be1
Ke6 50. f5+ Kd6 51. g5 e3 52. Bb4+ Kc6 53. Kxe3 d4+ 54. Ke4 Kd7 55. Kxd4 Ke8+ 56.
Ke5 Kf7 57. g6+ Kg7 58. Bc3 Rd3 59. Bd4 a5 60. Ke4+  1-0

[Event "Polofinale MCR junioru 2024"]
[Site "Hotel Fit Fun, Ryžovište 427, 512 46 Harrachov v Krkonoších"]
[Date "2024.11.13"]
[Round "6"]
[Board "22"]
[White "Pressler, Tobias"]
[Black "Jakubše, Tamae Severína"]
[Result "1-0"]
[WhiteElo "2057"]
[BlackElo "1895"]
[PlyCount "0"]
[EventDate "2024.11.09"]
[EventRounds "9"]
[EventCountry "CZE"]

1. b3 d5 2. Bb2 Nf6 3. e3 g6 4. f4 Bg7 5. Nf3 c5 6. Be2 Nc6 7. O-O O-O 8. h3 b6 9.
Ne5 Bb7 10. d3 Qc7 11. Bf3 Rfd8 12. Nd2 e6 13. Qe2 d4 14. Bxc6 Bxc6 15. e4 Nd7 16.
Nxd7 Bxd7 17. g4 e5 18. f5 Bh6 19. Bc1 gxf5 20. gxf5 Kh8 21. Qh5 Be3+ 22. Kh1 f6
23. Nf3 Bxc1 24. Raxc1 Be8 25. Qh4 Qf7 26. Rg1 Bc6 27. Rg6 Rf8 28. Rcg1 Rg8 29. Qxf6+
Qxf6 30. Rxf6 Rxg1+ 31. Kxg1 Rg8+ 32. Kf2 Be8 33. Nxe5 Bh5 34. Re6 Bd1 35. f6 Rf8
36. Nd7 Rd8 37. f7 Kg7 38. Re8 Kxf7 39. Rxd8 Ke7 40. Ra8 Kxd7 41. Rxa7+ Ke6 42. Rxh7
Bxc2 43. Ke2 Bb1 44. Ra7  1-0

[Event "Polofinale MCR junioru 2024"]
[Site "Hotel Fit Fun, Ryžovište 427, 512 46 Harrachov v Krkonoších"]
[Date "2024.11.13"]
[Round "6"]
[Board "23"]
[White "Pokorný, Jirí"]
[Black "Mrázek, Roman"]
[Result "1-0"]
[WhiteElo "1813"]
[BlackElo "1961"]
[PlyCount "0"]
[EventDate "2024.11.09"]
[EventRounds "9"]
[EventCountry "CZE"]

1. e4 c5 2. c3 Nf6 3. e5 Nd5 4. d4 cxd4 5. Nf3 d6 6. cxd4 e6 7. Nc3 Nxc3 8. bxc3
Qc7 9. Bd2 Nd7 10. exd6 Bxd6 11. Bd3 Nf6 12. c4 O-O 13. O-O b6 14. Bg5 Be7 15. Rc1
Bb7 16. Qe2 Rad8 17. Be3 Be4 18. Rfd1 Qb7 19. Bxe4 Qxe4 20. Qc2 Rc8 21. Qxe4 Nxe4
22. Nd2 Nxd2 23. Rxd2 Rfd8 24. Rdc2 Bf6 25. Rd1 Rd7 26. Kf1 Kf8 27. Ke2 Ke7 28. c5
bxc5 29. dxc5 Rxd1 30. Kxd1 Kd7 31. c6+ Rxc6 32. Rxc6 Kxc6 33. Bxa7 Kb5 34. Kc2 Kc4
35. Be3 g6 36. Bc1 Be7 37. Kd2 Bg5+ 38. Kc2 Be7 39. Kd2 Bg5+ 40. Kd1 Be7 41. Ke2
e5 42. Bd2 f5 43. f3 Ba3 44. h3 Kd4 45. Bg5 Kc4 46. Bf6 Bd6 47. a4 Bc7 48. Bg7 Kd5
49. Bh6 e4 50. fxe4+ Kxe4 51. Bd2 Bb8 52. a5 Ba7 53. Be1 Kd5 54. Bf2 Bxf2 55. Kxf2
Kc5 56. Ke3  1-0

[Event "Polofinale MCR junioru 2024"]
[Site "Hotel Fit Fun, Ryžovište 427, 512 46 Harrachov v Krkonoších"]
[Date "2024.11.13"]
[Round "6"]
[Board "24"]
[White "Andrle, Filip"]
[Black "Vyslyšel, Petr"]
[Result "1-0"]
[WhiteElo "1958"]
[BlackElo "1875"]
[PlyCount "0"]
[EventDate "2024.11.09"]
[EventRounds "9"]
[EventCountry "CZE"]

1. e4 e6 2. d4 d5 3. Nc3 dxe4 4. Nxe4 Nd7 5. Nf3 Ngf6 6. Bd3 Nxe4 7. Bxe4 Nf6 8.
Bd3 c5 9. O-O Be7 10. dxc5 Bxc5 11. Bg5 O-O 12. Qd2 Be7 13. Qf4 g6 14. Rad1 Nh5 15.
Qh4 Bxg5 16. Nxg5 Qf6 17. g4 h6 18. gxh5 hxg5 19. Qe4 Qxb2 20. hxg6 f5 21. Qe2 Qg7
22. Qh5 g4 23. Bc4 Qh8 24. Qg5 Qf6 25. Qxf6 Rxf6 26. Rd8+ Kg7 27. Rfd1 Rxg6 28. Re8
e5 29. Rdd8 Rc6 30. Bb3 b5 31. Bd5 Bb7 32. Rd7+ Kh6 33. Rxa8  1-0

[Event "Polofinale MCR junioru 2024"]
[Site "Hotel Fit Fun, Ryžovište 427, 512 46 Harrachov v Krkonoších"]
[Date "2024.11.13"]
[Round "6"]
[Board "25"]
[White "Šigut, Ondrej"]
[Black "Stejskal, Michal"]
[Result "1-0"]
[WhiteElo "1893"]
[BlackElo "1957"]
[PlyCount "0"]
[EventDate "2024.11.09"]
[EventRounds "9"]
[EventCountry "CZE"]

1. e4 e6 2. d4 d5 3. Nd2 Nf6 4. e5 Nfd7 5. Bd3 c5 6. c3 b6 7. Ne2 Ba6 8. Nf3 Bxd3
9. Qxd3 Nc6 10. O-O Qc7 11. Bf4 Be7 12. Rac1 c4 13. Qd2 h6 14. h3 O-O-O 15. b3 Na5
16. Qc2 g5 17. Bg3 Rdg8 18. Nd2 h5 19. bxc4 Nxc4 20. Nxc4 Qxc4 21. Kh1 Nf8 22. Rfd1
Ng6 23. Qd3 b5 24. a4 a6 25. axb5 Qxd3 26. Rxd3 axb5 27. Rb1 Kc7 28. Rxb5 Rb8 29.
Rxb8 Rxb8 30. Rf3 Nh8 31. Bh2 Rb2 32. Ng3 h4 33. Nh5 Rb1+ 34. Bg1 Kc6 35. g3 hxg3
36. Rxg3 Kb5 37. Nf6 Kc4 38. Rxg5 Kxc3 39. f3 Ng6 40. Rg4 Bd8 41. h4 Bb6 42. h5 Nh8
43. Kh2 Rxg1 44. Rxg1 Bxd4 45. Rg5 Be3 46. Rg4 d4 47. Kg3 d3 48. Rg8 d2 49. Ne4+
Kd4 50. Rxh8 Kxe5 51. Rd8 Bf4+ 52. Kf2  1-0

[Event "Polofinale MCR junioru 2024"]
[Site "Hotel Fit Fun, Ryžovište 427, 512 46 Harrachov v Krkonoších"]
[Date "2024.11.13"]
[Round "6"]
[Board "26"]
[White "Maršík, Ondrej"]
[Black "Pavliš, Matej"]
[Result "0-1"]
[WhiteElo "1728"]
[BlackElo "2091"]
[PlyCount "0"]
[EventDate "2024.11.09"]
[EventRounds "9"]
[EventCountry "CZE"]

1. e4 c5 2. Nf3 d6 3. d4 cxd4 4. Nxd4 Nf6 5. Nc3 a6 6. Be3 e5 7. Nb3 Be6 8. f3 Be7
9. Qd2 h5 10. h4 O-O 11. O-O-O Nbd7 12. Be2 b5 13. Rdg1 Nb6 14. Bxb6 Qxb6 15. g4
b4 16. Na4 Qc7 17. gxh5 Kh7 18. Qxb4 Nxh5 19. Qb6 Qd7 20. Nc3 Rfb8 21. Qf2 a5 22.
Qg2 Bf6 23. Qf1 Rb4 24. a3 Rbb8 25. Bb5 Qc7 26. Nd5 Bxd5 27. exd5 a4 28. Nd2 Ra5
29. Bc6 Nf4 30. c4 Qb6 31. Bb5 Qd4 32. Kc2 Raxb5 33. cxb5 Rc8+ 34. Kd1 Qxb2 35. Nc4
Qb3+ 36. Ke1 Rxc4  0-1

[Event "Polofinale MCR junioru 2024"]
[Site "Hotel Fit Fun, Ryžovište 427, 512 46 Harrachov v Krkonoších"]
[Date "2024.11.13"]
[Round "6"]
[Board "27"]
[White "Šimunek, Jakub Šimon"]
[Black "Švadlenka, Michal"]
[Result "1/2-1/2"]
[WhiteElo "2125"]
[BlackElo "1804"]
[PlyCount "0"]
[EventDate "2024.11.09"]
[EventRounds "9"]
[EventCountry "CZE"]

1. e4 c5 2. d4 cxd4 3. c3 dxc3 4. Nxc3 Nc6 5. Nf3 e6 6. Bc4 a6 7. O-O Be7 8. Qe2
d6 9. Rd1 Qc7 10. Bf4 Nf6 11. h3 O-O 12. e5 dxe5 13. Nxe5 Bd6 14. Rxd6 Qxd6 15. Ng6
e5 16. Rd1 Nd4 17. Rxd4 Qxd4 18. Bxe5 Qd8 19. Nxf8 Kxf8 20. Qf3 Be6 21. Bxe6 fxe6
22. Ne4 Rc8 23. Nxf6 gxf6 24. Bxf6 Qd7 25. Bc3+ Qf7 26. Qg4 Rc6 27. Qd4 Ke8 28. Qa7
Rc8 29. Qd4 Rd8 30. Qe4 Rd5 31. a3 Kd7 32. Qg4 Kc8 33. Qg3 b6 34. Qe3 Kb7 35. Qe4
Qd7 36. Qg4 Ka7 37. Qg7 Qxg7 38. Bxg7 b5 39. Bc3 Kb6 40. Kf1 Kc5 41. Ke2 Kc4 42.
h4 Rf5 43. f3 Kd5 44. Ke3 e5 45. g4 Rf4 46. h5 Ke6 47. Bd2 Rc4 48. Bc3 Ra4 49. Kd3
a5 50. Bd2 Rd4+ 51. Ke2 b4 52. axb4 axb4 53. Be3 Rd7 54. f4 e4 55. Bc5 b3 56. Ke3
Kd5 57. Bd4 Rc7 58. g5 Rc2 59. g6 hxg6 60. hxg6 Rg2 61. g7 Rg3+ 62. Kf2 Rg4 63. Be5
Ke6 64. Ke3 Kf5 65. Kf2 Rg6 66. Ke2 Rg3  1/2-1/2

[Event "Polofinale MCR junioru 2024"]
[Site "Hotel Fit Fun, Ryžovište 427, 512 46 Harrachov v Krkonoších"]
[Date "2024.11.13"]
[Round "6"]
[Board "28"]
[White "Pejrimovský, Tadeáš Rubel"]
[Black "Husa, Daniel"]
[Result "1/2-1/2"]
[WhiteElo "1867"]
[BlackElo "2011"]
[PlyCount "0"]
[EventDate "2024.11.09"]
[EventRounds "9"]
[EventCountry "CZE"]

1. e4 e6 2. Nf3 d5 3. e5 c5 4. b4 d4 5. bxc5 Bxc5 6. Ba3 Qa5 7. Bxc5 Qxc5 8. c3 Nc6
9. Qe2 Bd7 10. Qc4 Qb6 11. Qb3 Nge7 12. Bd3 dxc3 13. Nxc3 Qxb3 14. axb3 Nb4 15. Be4
Ned5 16. O-O O-O 17. Nd4 a6 18. Nxd5 exd5 19. Bf5 Bxf5 20. Nxf5 Nc6 21. f4 Rfe8 22.
Rfc1 Re6 23. Rc5 g6 24. Nd6 Nd4 25. Rxd5 Ne2+ 26. Kf2 Nxf4 27. Rd4 g5 28. g3 Ng6
29. Nxb7 Rxe5 30. Nd6  1/2-1/2